LEADER 01357nam0 22003131i 450 001 SUN0031941 005 20081105120000.0 010 $a88-453-0229-6 100 $a20050128d1981 |0itac50 ba 101 $aita 102 $aIT 105 $a|||| ||||| 200 1 $aAlgebra moderna$fFrank Ayres jr 205 $aMilano : ETAS Libri$b1981 210 $d243 p. : ill. ; 26 cm 215 $aIn cop.: 425 problemi risolti. 410 1$1001SUN0027349$12001 $aCollana Schaum$v46$1210 $aMilano$cEtas. 620 $dMilano$3SUNL000284 700 1$aAyres$b, Frank$3SUNV027028$0110 712 $aEtas$3SUNV000433$4650 790 1$aAyres, Frank $zAyres, Frank$3SUNV027029 801 $aIT$bSOL$c20181109$gRICA 912 $aSUN0031941 950 $aUFFICIO DI BIBLIOTECA DEL DIPARTIMENTO DI MATEMATICA E FISICA$d08 PREST 2A5 $e08 1572 950 $aUFFICIO DI BIBLIOTECA DEI DIPARTIMENTI DI INGEGNERIA$d05 CONS D I 029 $e05 311 995 $aUFFICIO DI BIBLIOTECA DEL DIPARTIMENTO DI MATEMATICA E FISICA$bIT-CE0120$h1572$kPREST 2A5$op$qa 995 $aUFFICIO DI BIBLIOTECA DEI DIPARTIMENTI DI INGEGNERIA$bIT-CE0100$h311$kCONS D I 029$oc$qa 996 $aModern algebra$927462 997 $aUNICAMPANIA LEADER 01232nam0 2200289 i 450 001 SUN0009539 005 20151120111400.813 010 $a88-14-09474-8 100 $a20021114d2002 |0itac50 ba 101 $aita 102 $aIT 105 $a|||| ||||| 200 1 $aˆL'‰insindacabilità parlamentare$eteoria e prassi di una prerogativa costituzionale$fClaudio Martinelli 210 $aMilano$cGiuffrè$d2002 215 $aXIII, 237 p.$d23 cm. 410 1$1001SUN0027348$12001 $a*Università degli studi di Milano-Bicocca, Facoltà di giurisprudenza$v11$1210 $aMilano$cGiuffrè ; [poi] Milano$cUniversità degli studi di Milano Bicocca$cGiuffrè. 606 $aImmunità parlamentare$xItalia$2FI$3SUNC005449 606 $aInsindacabilità$2FI$3SUNC005450 620 $dMilano$3SUNL000284 676 $a342.45055$v21 700 1$aMartinelli$b, Claudio$3SUNV007458$0147589 712 $aGiuffrè$3SUNV001757$4650 801 $aIT$bSOL$c20181231$gRICA 912 $aSUN0009539 950 $aUFFICIO DI BIBLIOTECA DEL DIPARTIMENTO DI GIURISPRUDENZA$d00CONS VIII.Ed.87 $e00 21572 20021114 996 $aInsindacabilità parlamentare$9515946 997 $aUNICAMPANIA LEADER 01101nam 2200337 n 450 001 996390525603316 005 20221102113838.0 035 $a(CKB)4940000000103273 035 $a(EEBO)2240929285 035 $a(UnM)99846104 035 $a(EXLCZ)994940000000103273 100 $a19911016d1518 uy | 101 0 $alat 135 $aurbn||||a|bb| 200 10$a[Compendiu[m] questionum de luce [et] de lumine.]$b[electronic resource] 210 $a[Oxford $cImpressu[m] in celiberima vniuersitate Oxonien[si] per me Ioannem Scolar$dAnno d[omi]ni M. CCCCC, deciooctauo.] [1518] 215 $a[8+] p 300 $aImprint and title from colophon. 300 $aImperfect; a fragment; lacks all before leaf B1. 300 $aReproduction of the original in the Cambridge University Library. 330 $aeebo-0021 606 $aLight$vEarly works to 1800 615 0$aLight 801 0$bCu-RivES 801 1$bCu-RivES 801 2$bCStRLIN 801 2$bWaOLN 906 $aBOOK 912 $a996390525603316 996 $aQuestionum de luce et de lumine.$92373992 997 $aUNISA